Culture Générale - Série 2393 - Statistiques

Statistiques générales
  • Ce quiz a été pris 138 fois
  • Le résultat moyen est 6 sur 10
Statistiques - réponses
Question Réponse % Correct
Quel genre d'animal est le silure ? poisson
91%
De quel pays Tirana est-elle la capitale ? Albanie
88%
Quel est l'impératif du verbe peindre à la 2e personne du pluriel ? peignez
87%
Où le général de Gaulle prononce-t-il son fameux : "Je vous ai compris" ? Alger
70%
Qu'est-ce que la "Licorne" dont Tintin perce le secret ? bateau
69%
Quel concours récompense chaque année les inventions ou innovations de chercheurs indépendants ? Lépine
66%
Quel est le nom du docteur dans Cluedo ? Olive
29%
Quel prénom porte l'héroïne de "West Side Story" ? Maria
28%
Quel docteur a découvert les chutes Victoria en 1855 dans le cours du Zambèze ? Livingstone
24%
Dans le film "La grande illusion", quel est le prénom de l'acteur qui incarne le " Capitaine de Boeldieu" ? Pierre
19%
Aucun quiz correspondant
Distribution des résultats
% des personnes avec chaque résultat
Percentile par nombre de réponses
Votre historique - résultats
Vous n’avez pas pris ce quiz